Statistiques concernant Les Simpson - Vrai ou Faux (4)

Cliquez ici pour prendre le quiz!

Statistiques générales

  • Ce quiz a été pris 47 fois
  • Le résultat moyen est 11 sur 20

Statistiques - réponses

QuestionRéponse% Correct
Quand Bart fait tomber sa radio dans un puits et fait croire à la ville qu'un jeune garçon est tombé dedans, il lui donne le nom de TimmyVrai
81%
L'indicatif téléphonique du côté riche de la ville est le 636Vrai
72%
En devenant baron de la bière, Homer fait passer l'alcool à travers des boules de bowling pour alimenter le bar de MoeVrai
72%
Quand Lisa doit se déguiser en garçon pour assister aux cours de mathématiques à l'école, elle décide de s'appeler JakeVrai
70%
L'ancien président américain qui déménage en face des Simpson est le président NixonFaux
67%
Dans l'épisode Triple Erreur, Marge coupe le pouce d'Homer car il voulait prendre une part de brownie dans le platVrai
67%
Quand Homer tente de cultiver des légumes dans un champ au plutonium, il fait pousser un mélange de graines de pastèque et de tabacFaux
65%
C'est Ned Flanders qui a dénoncé Kent Brockman lorsque celui-ci a dit un gros mot à la télévisionVrai
63%
Lorsque la boutique du vendeur de BD ferme à cause d'un concurrent sur le trottoir d'en face, le magasin est loué pour en faire une salle de sport pour hommesFaux
53%
L'un des avantages du club des Tailleurs de Pierre est l'accès gratuit au cinémaFaux
53%
Le robot construit par Homer pour Bart dans lequel il se glisse pour les combats de robots est une grosse boîte aux lettresVrai
53%
Quand Marge devait faire un costume pour Lisa pour l'école mais était accro au casino, cela devait être un costume représentant l'État du TexasFaux
51%
Lorsque Bart affronte l'un des enfants Flanders au mini-golf en saison 2, il affronte RodFaux
47%
Quand Homer devient mouchard à la prison de Mr Burns, les gardes lui apportent un lecteur DVD pour le remercier d'avoir balancé un prisonnierFaux
47%
Lisa devient bouddhiste pendant la période de PâquesFaux
44%
Quand Homer doit récupérer sa voiture à New-York, il patiente en buvant du jus de crabeVrai
42%
Parmi les inventions d'Homer, la première qu'il présente à sa famille est une alarme qui sonne quand tout va bienFaux
35%
Dans l'épisode où Homer emménage avec Julio et Grady (le couple gay), Julio a fini par embrasser Homer sur la boucheFaux
33%
Pour se payer le Monorail, Springfield utilise l'argent qu'elle a gagné lors d'un procès contre ShelbyvilleFaux
33%
Le plat préféré de Marge est les nouilles au beurreVrai
28%

Distribution des résultats

Percentile par nombre de réponses

% des personnes avec chaque résultat

Votre développement - résultats

Vous n’avez pas pris ce quiz